संत्र्याची लागवड व व्यापार. (Record no. 256541)

MARC details
000 -LEADER
fixed length control field 00737nam a2200181Ia 4500
008 - FIXED-LENGTH DATA ELEMENTS--GENERAL INFORMATION
fixed length control field 090630s9999 xx 000 0 und d
082 ## - DEWEY DECIMAL CLASSIFICATION NUMBER
Item number 4685
100 ## - MAIN ENTRY--PERSONAL NAME
Personal name चौधरी बनवारीलाल.
245 ## - TITLE STATEMENT
Title संत्र्याची लागवड व व्यापार.
Statement of responsibility, etc चौधरी बनवारीलाल.
260 ## - PUBLICATION, DISTRIBUTION, ETC. (IMPRINT)
Name of publisher, distributor, etc उद्यम.
Date of publication, distribution, etc 1968
300 ## - PHYSICAL DESCRIPTION
Extent 100
600 ## - SUBJECT ADDED ENTRY--PERSONAL NAME
Personal name चौधरी बनवारीलाल.
630 ## - SUBJECT ADDED ENTRY--UNIFORM TITLE
Uniform title संत्र्याची लागवड व व्यापार.
655 ## - INDEX TERM--GENRE/FORM
Genre/form data or focus term इतर.
700 ## - ADDED ENTRY--PERSONAL NAME
Personal name चौधरी बनवारीलाल.
730 ## - ADDED ENTRY--UNIFORM TITLE
Uniform title संत्र्याची लागवड व व्यापार.
942 ## - ADDED ENTRY ELEMENTS (KOHA)
Koha item type Book
Holdings
Withdrawn status Lost status Damaged status Not for loan Home library Current library Date acquired Cost, normal purchase price Total Checkouts Full call number Barcode Date last seen Cost, replacement price Price effective from Koha item type
        Sarvajanik Wachanalaya Shrivardhan Sarvajanik Wachanalaya Shrivardhan 02/08/2004 2.50   4685 SAWASHRI-4685 06/30/2009 2.50 06/30/2009 Book